Demokrácia, hatalom - kaland
Elmentve itt :
| Szerző: | |
|---|---|
| Adatforrás: | Philobibl |
| Forrásdokumentuma: | Korunk 23.2012:4. p. 3-6. |
| Dokumentumtípus: | Cikk |
| Nyelv: | magyar |
| Kulcsszavak: | poltikaelmélet hatalom demokrácia állam államfő Göncz Árpád |
| LEADER | 00470nab a2200181 c 4500 | ||
|---|---|---|---|
| 001 | bibPHI0042225 | ||
| 005 | 20200924124711.2 | ||
| 008 | 110127s2012 rm hun | ||
| 035 | |a human/philobibl/42219 | ||
| 100 | 1 | |a Kántor Lajos | |
| 245 | 1 | 0 | |a Demokrácia, hatalom - kaland |c Kántor Lajos |
| 695 | |a poltikaelmélet | ||
| 695 | |a hatalom | ||
| 695 | |a demokrácia | ||
| 695 | |a állam | ||
| 695 | |a államfő | ||
| 695 | |a Göncz Árpád | ||
| 773 | 0 | |t Korunk |g 23.2012:4. p. 3-6. | |